000 nam a22 7a 4500
999 _c10022
_d10022
008 180209b ||||| |||| 00| 0 eng d
100 _aMurray,W
_96054
245 _aOut in the Sun
260 _aLondon
_bLadybird Publication
_c1993